000 01112nam a22002657a 4500
999 _c63853
_d63853
005 20240530110702.0
008 180111s2016 ua ak g b 000 0 ara d
017 _a2015/10419
_bمصر. دار الكتب
020 _a9789774385350
040 _aEG-CaGPL
_cEG-CaGPL
082 0 4 _221
_a361.32 /
_bن ع
100 0 _aنصيف فهمى منقريوس
245 1 0 _aعمليات الممارسة المهنية لطريقة العمل مع الجماعات فى اطار نظام الجودة /
_cاعداد نصيف فهمى منقريوس، هيام شاكر خليل
250 _aط.1
260 _aالقاهرة :
_bالمكتب الجامعى الحديث ،
_c2016.
300 _a292 ص. :
_bايض ؛
_c24 سم.
504 _aيشتمل على ارجاعات ببليوجرافية
650 0 7 _2qrmak
_aالعمل الجماعى
650 0 7 _2qrmak
_aعقود العمل الجماعية
651 _2qrmak
653 0 _aالعمل الجماعى - نظام الجودة
700 0 _aهيام شاكر خليل
_eمعد
942 _2ddc
_cBK